Zdroj konkurenčnej výhody vybraného podniku diplomová práca

Enregistré dans:
Détails bibliographiques
Auteur principal: Porubčanová, Eva
Collectivité auteur: Fakulta podnikového manažmentu EU. Katedra manažmentu
Autres auteurs: Zagoršek, Branislav, 1984-
Format: Livre
Langue:slovaque
Publié: Bratislava 2017
Tags: Ajouter un tag
Pas de tags, Soyez le premier à ajouter un tag!

MARC

LEADER 00000nbm a2200000 4500
001 0244581
005 20180920090145.1
041 0 |a slo 
044 |a SK 
245 1 0 |a Zdroj konkurenčnej výhody vybraného podniku  |b diplomová práca  |c Eva Porubčanová ; školiteľ: Branislav Zagoršek 
264 1 |a Bratislava  |c 2017 
300 |a 67 s. 
100 1 |a Porubčanová, Eva 
700 1 |a Zagoršek, Branislav, 1984- 
710 2 |a Fakulta podnikového manažmentu EU. Katedra manažmentu